Statistiques concernant Football: Pays n'ayant gagné aucun match en Coupe du Monde

Cliquez ici pour prendre le quiz!

Statistiques générales

  • Ce quiz a été pris 69 fois
    (68 depuis la dernière actualisation)
  • Le résultat moyen est 7 sur 17

Statistiques - réponses

Pays Match Joués Gagnés Nuls Perdus Buts Marqués Buts Encaissés % Correct
Nouvelle-Zélande6033414
66%
Chine300309
66%
Honduras9036314
59%
Canada300305
54%
Togo300316
46%
Irak300314
46%
Salvador6006122
44%
Angola302112
41%
Egypte402236
41%
Bolivie6015120
39%
Trinité-et-Tobago301204
38%
Indes Néerlandaises100106
38%
Koweït301226
38%
Haïti3003214
36%
Israël302113
31%
Zaïre3003014
31%
Emirats Arabes Unis3003211
18%

Distribution des résultats

Percentile by Number Answered

% des personnes avec chaque résultat

Votre développement - résultats

Vous n’avez pas pris ce quiz depuis la dernière actualisation